01021nam a2200253Ia 450000500170000000800410001702000150005804100080007310000200008124500300010125000220013130000240015349000310017752002920020865000310050065000410053165000310057226400300060333600270063333700330066033800280069304000350072108400110075620220316235426.0121119s1982 sp gr 000 0 spa  a84261187040 aspa1 aOxenbury, Helen10aAyudando cHelen Oxenbury aPrimera edición a16 páginasc18 cm0 aLos libros del chiquitín1 aA todos los pequeños les encanta ayudar en casa, y es muy importante dejárselo hacer y fomentarle esta actitud, en la medida de sus posibilidades. En este libro podrán reconocerse en estas tareas, que para ellos son un juego muy divertidoPara niños y niñas a partir de un año14aÁlbumes infantiles2LEMB14aBebésxLibros de imágenes 2LEMB14aLiteratura infantil 2LEMB aBarcelonabJuventudc1982 atextobtxt2rdacontent asin mediaciónbn2rdamedia avolumenbnc2rdacarrier aCO-BoRNBPbspaerdacCO-BoRNBP aA OXE1